Les 20 villes les plus peuplées de l'Yonne (89) - Statistiques

Statistiques générales
  • Ce quiz a été pris 66 fois
  • Le résultat moyen est 10 sur 20
Statistiques - réponses
HINT HINT ANSWER % Correct
35 236 A Auxerre
100%
27 275 S Sens
94%
9 055 J Joigny
90%
6 346 A Avallon
82%
6 878 M Migennes
80%
4 268 T Tonnerre
80%
4 230 S Saint-Florentin
55%
2 562 T Toucy
55%
4 113 M Monéteau
47%
5 130 V Villeneuve-sur-Yonne
41%
3 133 A Appoigny
39%
4 855 P Paron
33%
3 357 P Pont-sur-Yonne
29%
2 813 S Saint-Clément
29%
3 060 B Brienon-sur-Armançon
22%
4 854 C Charny Orée de Puisaye
18%
3 176 S Saint-Georges-sur-Baulche
18%
2 730 M Montholon
16%
2 231 C Cheny
14%
3 470 V Villeneuve-la-Guyard
12%
Aucun quiz correspondant
Distribution des résultats
% des personnes avec chaque résultat
Percentile par nombre de réponses
Votre historique - résultats
Vous n’avez pas pris ce quiz